Un día en la vida
שמור ב:
| מחבר ראשי: | |
|---|---|
| פורמט: | לא ידוע |
| שפה: | Spanish |
| יצא לאור: |
San José, Costa Rica
Universitaria centroamericana
1987
|
| מהדורה: | 5. edición |
| סדרה: | Colección Séptimo Día
|
| נושאים: | |
| תגים: |
הוספת תג
אין תגיות, היה/י הראשונ/ה לתייג את הרשומה!
|
MARC
| LEADER | 000000000a22000000004500 | ||
|---|---|---|---|
| 001 | 000731 | ||
| 007 | ta | ||
| 008 | 131204s1987 cr |||g |||| 000 f spa d | ||
| 020 | |a 9977300232 | ||
| 040 | |a cru CIICLA Universidad de Costa Rica | ||
| 082 | |a ES863.4 A694u5 | ||
| 100 | 1 | |a Argueta Cañas, Manlio |d 1935- | |
| 245 | 1 | 3 | |a Un día en la vida |c Manlio Argueta |
| 250 | |a 5. edición | ||
| 260 | |a San José, Costa Rica |b Universitaria centroamericana |c 1987 | ||
| 300 | |a 226 páginas | ||
| 490 | 0 | |a Colección Séptimo Día | |
| 650 | 4 | |a LITERATURA SALVADOREÑA |v NOVELA | |
| 942 | |2 ddc |c BK | ||
| 999 | |c 3256 |d 3256 | ||



